000 01138cam a22002773a 4500
001 4035
003 PGUSA
005 20140828083042.0
008 030501s2003||||xxu|||||s|||||000 | eng d
040 _aPGUSA
_beng
042 _adc
050 4 _aDF
100 1 _aPater, Walter,
_d1839-1894
245 1 0 _aGreek Studies :
_ba Series of Essays
_h[electronic resource] /
_cWalter Pater
260 _bProject Gutenberg,
_c2003
500 _aUnaccented version in 7gsas10.txt and 7gsas10.zip, accented versions in 8gsas10.txt and 8gsas10.zip
505 0 _aA study of Dionysus; the spiritual form of fire and dew — The bacchanals of Euripides — The myth of Demeter and Persephone — Hippolytus veiled: a study from Euripides — The beginnings of Greek sculpture — The marbles of Aegina — The age of athletic prizemen: a chapter in Greek art
506 _aPublic domain in the USA.
516 _aElectronic text
653 _aMythology, Greek
653 _aGreek drama -- History and criticism
653 _aArt, Greek
830 0 _aProject Gutenberg
_v4035
856 4 0 _uhttp://www.gutenberg.org/ebooks/4035
942 _cEB
999 _c233364
_d233364